Detalles MARC
| 000 -LEADER |
| fixed length control field |
01403nam a2200265 a 4500 |
| 001 - CONTROL NUMBER |
| control field |
000007189 |
| 003 - CONTROL NUMBER IDENTIFIER |
| control field |
DO-SdBNP |
| 005 - DATE AND TIME OF LATEST TRANSACTION |
| control field |
20180213131905.0 |
| 007 - PHYSICAL DESCRIPTION FIXED FIELD--GENERAL INFORMATION |
| fixed length control field |
000007189 |
| 008 - FIXED-LENGTH DATA ELEMENTS--GENERAL INFORMATION |
| fixed length control field |
090907s2006 dr 001 0 spa d |
| 040 ## - CATALOGING SOURCE |
| Original cataloging agency |
BPMSU |
| Language of cataloging |
spa |
| Transcribing agency |
BPMSU |
| 092 ## - LOCALLY ASSIGNED DEWEY CALL NUMBER (OCLC) |
| Classification number |
xxxx |
| Item number |
R426i |
| 110 1# - MAIN ENTRY--CORPORATE NAME |
| Corporate name or jurisdiction name as entry element |
República Dominicana |
| Subordinate unit |
Secretariado Técnico de la Presidencia |
| -- |
Oficina Nacional de Administración y Personal |
| 245 10 - TITLE STATEMENT |
| Title |
Instructivo para la incorporación de los actuales funcionarios y empleados civiles del poder ejecutivo a la carrera administrativa /. |
| 260 ## - PUBLICATION, DISTRIBUTION, ETC. (IMPRINT) |
| Place of publication, distribution, etc. |
Santo Domingo |
| -- |
ONAP, |
| Date of publication, distribution, etc. |
2006. |
| 300 ## - PHYSICAL DESCRIPTION |
| Extent |
187 p. ; |
| Dimensions |
22 cm . |
| 505 2# - FORMATTED CONTENTS NOTE |
| Title |
Decreto 538-03, sobre ingreso de nuevo personal a la carrera administrativa general y unificación de nóminas -- |
| -- |
Decreto 668-05, que declara de interés nacional la profesionalización de la función pública y la de aplicación integral de la Ley de Servicio Civil y carrera administrativa -- |
| -- |
Decretos 611-05 y 683-05 que ortorgan el nombramiento de servidores públicos de carrera a los empleados incorporados en los actos X ,XI y XII. |
| 930 #1 - EQUIVALENCE OR CROSS-REFERENCE-UNIFORM TITLE HEADING [LOCAL, CANADA] |
| Language of a work |
BND01 |
| Medium of performance for music |
LF1 |
| Field link and sequence number |
20130502 |
| Date of a work |
04 |
| Name of part/section of a work |
HD |
| Miscellaneous information |
3099 |
| 930 #1 - EQUIVALENCE OR CROSS-REFERENCE-UNIFORM TITLE HEADING [LOCAL, CANADA] |
| Language of a work |
BND01 |
| Medium of performance for music |
LF1 |
| Field link and sequence number |
20130412 |
| Date of a work |
01 |
| Name of part/section of a work |
HD |
| Miscellaneous information |
3099 |
| Medium |
e. 2 |
| 942 ## - ADDED ENTRY ELEMENTS (KOHA) |
| Source of classification or shelving scheme |
Dewey Decimal Classification |
| Koha item type |
Libros |
| 945 ## - LOCAL PROCESSING INFORMATION (OCLC) |
| a |
Inventariado, 2017/MFF |
| 956 ## - LOCAL ELECTRONIC LOCATION AND ACCESS (OCLC) |
| Host name |
SARMENTERO |
| Access number |
10 |
| Compression information |
20090907 |
| Logon |
BND01 |
| Processor of request |
0813 |
| 956 ## - LOCAL ELECTRONIC LOCATION AND ACCESS (OCLC) |
| Host name |
VMATEO |
| Access number |
10 |
| Compression information |
20091130 |
| Logon |
BND01 |
| Processor of request |
1129 |
| 956 ## - LOCAL ELECTRONIC LOCATION AND ACCESS (OCLC) |
| Host name |
VMATEO |
| Access number |
10 |
| Compression information |
20150803 |
| Logon |
BPMSU |
| Processor of request |
00151 |